|
|
|
แสดงรายละเอียดบรรณานุกรม |
|
|
Brief Record
: Get Marc (ISO 2709)
: E-mail record
: |
|
|
| LEADER 00000nam 2200000uu 4500 | |||
| 001 47308 | |||
| 003 ULIBM | |||
| 008 140827s||||||||th 000 0 tha d | |||
| 020 ^a0194230864 | |||
| 082 ^aFic^bM - E | |||
| 100 1 ^aMowat, Ralph. | |||
| 245 10 ^aThe enemy / ^cDesmond Bagley ; retold by Ralph Mowat. | |||
| 250 ^a2nd ed. | |||
| 260 ^aOxford : ^bOxford University Press, ^c2000 | |||
| 300 ^a120p. : ^bill. ; ^c20cm. | |||
| 490 1 ^aOxford bookworms library. Stage 6 | |||
| 500 ^aPrevious ed.: 1991 | |||
| 700 12 ^aBagley, Desmond, ^d1923-1983. ^tEnemy. | |||
| 999 ^aกัลยา เตชะ | |||
| คุณยังไม่ได้ล็อกอิน คุณสามารถมีกิจกรรมร่วมกับเว็บไซต์ได้ แต่ต้องล็อกอินก่อน :: |
|
| สถานะ | |||||||||
| 1. | หนังสือ | Fic M - E Barcode: 079132 | ►หนังสือทั่วไป | On Shelf ขอยืม | |||||
| [แสดง 1/1 รายการ] | |||||||||

BibComment |
| คอมเมนท์ทรัพยากรรายการนี้ |
|
|
ห้องสมุดโรงเรียนสามัคคีวิทยาคม
159 ถ.บรรพปราการ ต.เวียง อ.เมือง จ.เชียงราย 57000
โทร. 053-711018 โทรสาร 053-713003